Twin Cities - Statistics

General Stats
  • This quiz has been taken 17 times
  • The average score is 11 of 22
Answer Stats
Hint Answer % Correct
United States Minneapolis
93%
United States St. Paul
86%
Egypt Cairo
71%
Israel Tel Aviv
71%
United States Dallas
64%
United States Fort Worth
64%
Malaysia Kuala Lumpur
64%
Taiwan New Taipei City
64%
Taiwan Taipei
64%
Canada Toronto
64%
Egypt Giza
57%
South Africa Johannesburg
57%
South Africa Pretoria
57%
United Kingdom Leeds
43%
Iraq Erbil
36%
Iraq Mosul
29%
Canada Mississauga
21%
United Kingdom Bradford
14%
Israel Jaffa
14%
United States Tampa
14%
Malaysia Putrajaya
7%
United States St. Petersburg
7%
No matching quizzes found
Score Distribution
Percent of People with Each Score
Percentile by Number Answered
Your Score History
You have not taken this quiz